Facade Access System/ (Record no. 201260)
[ view plain ]
| 000 -LEADER | |
|---|---|
| fixed length control field | 00613nam a22001937a 4500 |
| 005 - DATE AND TIME OF LATEST TRANSACTION | |
| control field | 20240306151822.0 |
| 010 ## - LCCN (DPL NO) | |
| LC control number | ENG-139564 |
| 020 ## - INTERNATIONAL STANDARD BOOK NUMBER | |
| Terms of availability | 2750.00 |
| International Standard Book Number | 9788193368824 |
| 035 ## - SYSTEM CONTROL NUMBER | |
| System control number | EN-123096 |
| 037 ## - SOURCE OF ACQUISITION | |
| Source of stock number/acquisition | DBAD/PUB |
| 082 ## - DEWEY DECIMAL CLASSIFICATION NUMBER | |
| Classification number | 577.680958 |
| 100 ## - MAIN ENTRY--PERSONAL NAME | |
| Personal name | Ashok Khemlani |
| 245 ## - TITLE STATEMENT | |
| Title | Facade Access System/ |
| Statement of responsibility, etc | Edited by Ashok Khemlani |
| Medium | English |
| 260 ## - PUBLICATION, DISTRIBUTION, ETC. (IMPRINT) | |
| Place of publication, distribution, etc | umbai |
| Name of publisher, distributor, etc | Cleanindia Group |
| Date of publication, distribution, etc | 2019 |
| 270 ## - ADDRESS | |
| City | Mumbai |
| Address | 217,Hindi Service Industries Near Shivaji Park Sea Face |
| Postal code | 400028 |
| 300 ## - PHYSICAL DESCRIPTION | |
| Extent | 523p. |
| Dimensions | 30cm(hbk) |
| 700 ## - ADDED ENTRY--PERSONAL NAME | |
| Personal name | Ashok Khemlani |
| Relator term | Author |
| 9 (RLIN) | 62854 |
| 942 ## - ADDED ENTRY ELEMENTS (KOHA) | |
| Source of classification or shelving scheme | Dewey Decimal Classification |
| Item type | English Books |
| Classification part | 693.82 |
| Call number suffix | FAC |
| Withdrawn status | Lost status | Not for loan | Collection code | Home library | Current library | Date acquired | Source of acquisition | Cost, normal purchase price | Full call number | Barcode | Copy number | Cost, replacement price | Koha item type |
|---|---|---|---|---|---|---|---|---|---|---|---|---|---|
| Not For Loan | Reference | Ashok Vihar | Ashok Vihar | 06/03/2024 | DBAD | 2750.00 | 693.82 KHE | EN-123096 | 1 | 2750.00 | English Books |
